000 00353nam a2200169Ia 4500
100 _aCroce/Pat
650 _aGeneral
942 _cBK
366 _f20
654 _afeel great
245 _aI feel great and you will too
260 _bViva Books
_aMumbai
_c2006
082 _a658.409/CRO
_bCRO
300 _a259
546 _aENGLISH
999 _c31820
_d31820